Statistics for They Shoot Pictures, Don't They? - films 841 to 860

Click here to take the quiz!

General Stats

  • This quiz has been taken 11 times
  • The average score is 10 of 20

Answer Stats

Answer% Correct
Breakfast at Tiffany's
100%
Scarface
100%
The Adventures of Robin Hood
100%
Inglourious Basterds
89%
Once Upon a Time... in Hollywood
78%
Paper Moon
67%
Irréversible
56%
Point Break
56%
Grizzly Man
44%
The Misfits
44%
O Lucky Man!
33%
Shame
33%
35 Shots of Rum
22%
Outskirts
22%
Red Sorghum
22%
Spione
22%
The Invasion of Body Snatchers
22%
The Naked Island
22%
The Unknown
22%
Too Early, Too Late
22%

Score Distribution

Percentile by Number Answered

Percent of People with Each Score

Your Score History

You have not taken this quiz